000 01134nam a2200217Ia 4500
001 9319
003 GE_BSU
008 181216s||||||||xx |||||||||||||| ||und||
040 _cGE_BSU
080 _a821.353.1-141+784.71(479.22)+27-535.7
245 _aმიქაელ მოდრეკილის ჰიმნები X საუკუნე.წიგნი I
245 _bჰიმნები. ქართული ჰიმნოგრაფია
245 _cტექსტი გადმოწერა დედნიდან და გამოსცა ვაჟა გვარამიამ. კალიგრაფი როლანდ ბურჭულაძე.რედ.შალვა ამირანაშვილი
260 _aთბილისი
260 _bსაბჭოთა საქართველო
260 _c1978
300 _a332გვ.28სმ.
653 _aმიქაელ მოდრეკილის ჰიმნები X საუკუნე
653 _aჰიმნები. ქართული ჰიმნოგრაფია
942 _cBK
999 _c42615
_d42615